000 01393nam a2200229Ia 4500
003 Ost
005 20260416102357.0
008 260416s9999||||xx |||||||||||||| ||und||
040 _cfsecg
041 _aara
082 _a301.14
100 _aبركات، أحمد
_eمؤلف
245 0 _a الاتصال وأنظمة المعلومات /
_c أحمد بركات
260 _aالجزائر
_bجامعة الجزائر3: كلية العلوم الإقتصادية، العلوم التجارية وعلوم التسيير
_c2019
300 _a141 ورقة
_bايضاحات
_c30 سم
504 _aمراجع ص.135
520 _aتعريف الاتصال، التعرف على المعلومة ، التعرف على أنواع الاتصالات الادارية ، التعرف على الاتصال الاداري الفعال ، التعرف على طبيعة نظم المعلومات ، إستنتاج مخرجات نظام المعلومات ، التمييز بين البيانات و المعلومات ، التمييز بين أهم المخاطر الالكترونية ، تحليل طرق أمنن المعلومات.
653 _aالاتصال
653 _aنظم المعلومات
710 _aجامعة الجزائر3: كلية العلوم الإقتصادية، العلوم التجارية وعلوم التسيير
_eناشر علمي
942 _cHANDOUT
999 _c41264
_d41264